000 00727nam a22002057a 4500
005 20131220125413.0
010 _aB-522250-256
020 _a9780753430750
_c999.00
035 _aB-522250-256
037 _bBBB/Ven.
_adpl
082 _a910.3
100 _aGifford, Clive
245 _aThe kingfisher Geography encyclopedia /
_cby Clive Gifford
260 _aLondon
_bKingfisher an imprint of Macmillan Publication
_c2011
270 _a20 New Wharf Road
_bNew Delhi
300 _a488p. :
_c28cm(Hb)
_bcol.ill.
500 _aIncludes bibliographical references and index
942 _2ddc
_cCH
_mKIN
_h910.3
999 _c79160
_d79160